000 00327nam a2200109Ia 4500
008 200302s9999 xx 000 0 und d
100 _aOriel Prizeman
245 _aSustainable building conservation thory and parctice of rsponsive design in the heritage environment
260 _bRIBA Publishing
260 _c2015
300 _a274
999 _c6496
_d6496